| 000 | 00511nam a2200181Ia 4500 | ||
|---|---|---|---|
| 008 | 240925s9999 xx 000 0 und d | ||
| 020 | _a9781118474402 | ||
| 082 | _a650.1 RYD | ||
| 100 | _aRyde, Robin | ||
| 245 | 0 | _aNever Mind The Bosses: hastening the death of deference for the business success | |
| 250 | _aNA | ||
| 260 |
_aUnited States: _bJohn Wiley + sons _c,2013. |
||
| 300 |
_a226p. _b0 _fOriginal |
||
| 500 | _aIncludes Index | ||
| 600 | _aSocial Sciences | ||
| 650 | _aManagement | ||
| 942 | _cBK | ||
| 999 |
_c14986 _d14986 |
||